| 000 | 00000nam##2200000za#4500 |
| 001 | 9.568345 |
| 003 | CaOODSP |
| 005 | 20240215150447 |
| 007 | cr ||||||||||| |
| 008 | 150406|2002||||xxc|||||o f|0| 0 eng|d |
| 040 | |aCaOODSP|beng |
| 043 | |an-cn--- |
| 086 | 1 |aPS83-3/114E-PDF |
| 110 | 2 |aCorrectional Service Canada. |
| 245 | 13|aAn analysis of sexual assaults during hostage-takings and forcible confinements / |h[electronic resource]|c[by] Donna L. Mailloux and Ralph C. Serin. |
| 260 | |bCorrectional Service Canada |cAugust 2002. |
| 300 | |a31p.|bgraphs, references |
| 490 | 1 |aResearch report|vR-114 |
| 590 | |a10-14-Supp|b2010-12-03 |
| 720 | 1 |aSerin, Ralph C. |
| 720 | 1 |aMailloux, Donna L. |
| 775 | 08|tUne analyse des cas d'agression sexuelle lors d'une prise d'otage ou d'une séquestration / |w(CaOODSP)9.599629 |
| 830 | #0|aResearch report (Correctional Service Canada. Research Branch)|vR-114|w(CaOODSP)9.506063 |
| 856 | 40|ahttp://publications.gc.ca|qPDF|s247 KB|uhttps://publications.gc.ca/collections/collection_2010/scc-csc/PS83-3-114-eng.pdf|yR-114 |